000
00276nam a2200109Ia 4500
005
20251222144729.0
008
251222s9999||||xx |||||||||||||| ||spa||
082
_a
266.009.854/V62
245
0
_a
Misioneros Seglares
264
_b
Asociación de Misioneros Seglares
942
_c
LIB
999
_c
18519
_d
18519